| 000 | 00778nas a2200253 4500 | ||
|---|---|---|---|
| 001 | BR7705079 | ||
| 003 | BR-BrBNA | ||
| 005 | 20231205083239.0 | ||
| 007 | ta | ||
| 008 | 230509b bl.|||p| |||| 00| 00por d | ||
| 040 |
_aBR-BrBNA _bpor _cBiblioteca Nacional de Agricultura |
||
| 041 | _a(Pt) | ||
| 072 | _aM40 | ||
| 100 | 1 | _aKlein, V.L.M. | |
| 245 | 1 | _aSobre a composicao e abundancia relativa do plancton, na plataforma continental do Estado do Ceara [Brasil] | |
| 650 | _aPLANCTON | ||
| 650 | _aBIOLOGIA AQUATICA | ||
| 650 | _aZOOPLANCTON | ||
| 650 | _aFITOPLANCTON | ||
| 650 | _aCEARA | ||
| 773 | 0 |
_tArquivos de Ciencias do Mar (Brazil) _xISSN 0374-5686 _g(Jun 1977), v. 17(1) p. 21-27 _wBR7705079 |
|
| 909 |
_a202311 _bLúcia _c55 _dLúcia Elande |
||
| 942 |
_2AGRIS _n0 _cANA |
||
| 999 |
_c97448 _d97448 |
||